Detalles MARC
| 000 -CABECERA |
| campo de control de longitud fija |
01488nas a2200397 c 4500 |
| 001 - NÚMERO DE CONTROL |
| campo de control |
bise0000094768 |
| 003 - IDENTIFICADOR DEL NÚMERO DE CONTROL |
| campo de control |
SpMaBN |
| 005 - FECHA Y HORA DE LA ÚLTIMA TRANSACCIÓN |
| campo de control |
20220223111602.0 |
| 007 - CAMPO FIJO DE DESCRIPCIÓN FÍSICA--INFORMACIÓN GENERAL |
| campo de control de longitud fija |
ta |
| 008 - DATOS DE LONGITUD FIJA--INFORMACIÓN GENERAL |
| campo de control de longitud fija |
011023d19921997sp r p 0uuub0spa |
| 010 ## - NÚMERO DE CONTROL DE LA BIBLIOTECA DEL CONGRESO |
| Número de control de LC |
n |
| Número de control de NUCMC |
0 |
| 016 7# - NÚMERO DE CONTROL DE UNA AGENCIA BIBLIOGRÁFICA NACIONAL |
| Número de control del registro |
biseBNE20010042534 |
| Fuente |
SpMaBN |
| 022 0# - NÚMERO INTERNACIONAL NORMALIZADO PARA PUBLICACIONES SERIADAS |
| Número Internacional Normalizado para Publicaciones Seriadas |
1578-553X |
| 035 ## - NÚMERO DE CONTROL DEL SISTEMA |
| Número de control de sistema |
(OCoLC)436785383 |
| 037 ## - FUENTE DE ADQUISICIÓN |
| Fuente del número de adquisición |
Déu i Mata, 152, 08029 |
| 040 ## - FUENTE DE LA CATALOGACIÓN |
| Centro catalogador/agencia de origen |
SpMaBN |
| Centro/agencia transcriptor |
AR-RoIUNI |
| 080 ## - NÚMERO DE LA CLASIFICACIÓN DECIMAL UNIVERSAL |
| Número de la Clasificación Decimal Universal |
616.9-053.2 |
| 210 0# - TÍTULO ABREVIADO |
| Título abreviado |
Inf. Com. Enferm. Infecc. |
| 222 #0 - TÍTULO CLAVE |
| Título clave |
Informe del Comité sobre Enfermedades Infecciosas |
| 245 00 - MENCIÓN DE TÍTULO |
| Título |
Informe del Comité sobre Enfermedades Infecciosas |
| Medio |
[Texto impreso] |
| Mención de responsabilidad, etc. |
Comité de Enfermedades Infecciosas, Academia Americana de Pediatria |
| 246 18 - FORMA VARIANTE DE TÍTULO |
| Título propio/Titulo breve |
Libro rojo |
| 260 ## - PUBLICACIÓN, DISTRIBUCIÓN, ETC. (PIE DE IMPRENTA) |
| Lugar de publicación, distribución, etc. |
Barcelona |
| Nombre del editor, distribuidor, etc. |
Marketing Trends |
| Fecha de publicación, distribución, etc. |
1992- |
| 300 ## - DESCRIPCIÓN FÍSICA |
| Extensión |
v. |
| Dimensiones |
22 cm |
| 310 ## - PERIODICIDAD ACTUAL |
| Periodicidad actual |
Anual |
| 362 0# - FECHAS DE PUBLICACIÓN Y/O DESIGNACIÓN SECUENCIAL |
| Fecha de publicación y/o designación secuencial |
1991- |
| 362 1# - FECHAS DE PUBLICACIÓN Y/O DESIGNACIÓN SECUENCIAL |
| Fecha de publicación y/o designación secuencial |
Cesó en 1997 |
| 580 ## - NOTA DE RELACIÓN COMPLEJA |
| Nota de relación compleja |
Edición en español de: Report of the Committee on Infectious Diseases = ISSN 0065-6909 |
| 650 #7 - PUNTO DE ACCESO ADICIONAL DE MATERIA--TÉRMINO DE MATERIA |
| Término de materia o nombre geográfico como elemento inicial |
Enfermedades infecciosas en niños |
| Fuente del encabezamiento o término |
embne |
| 710 2# - PUNTO DE ACCESO ADICIONAL--NOMBRE DE ENTIDAD CORPORATIVA |
| Nombre de entidad corporativa o nombre de jurisdicción como elemento de entrada |
American Academy of Pediatrics |
| Unidad subordinada |
Committee on Infectious Diseases |
| 775 1# - ENTRADA/ENLACE A OTRA EDICIÓN |
| Título |
Report of the Committee on Infectious Diseases |
| Número Internacional Normalizado para Publicaciones Seriadas |
0065-6909 |
| 785 00 - ENTRADA/ENLACE A UN TÍTULO POSTERIOR |
| Número de control del registro |
bise0000094769 |
| Título |
Red book (American Academy of Pediatrics. Ed. en español) |
| Número Internacional Normalizado para Publicaciones Seriadas |
1578-5548 |
| 942 ## - ELEMENTOS DE PUNTO DE ACCESO ADICIONAL (KOHA) |
| Fuente del sistema de clasificación o colocación |
Clasificación Decimal Universal |
| Tipo de ítem Koha |
Libros |
| 956 ## - LOCALIZACIÓN Y ACCESO ELECTRÓNICOS LOCAL (OCLC) |
| Nombre del host |
2 |
| 980 ## - EQUIVALENCIA O REFERENCIA-CRUZADA-MENCIÓN DE SERIE--NOMBRE DE PERSONA/TÍTULO [LOCAL, CANADÁ] |
| Nombre de persona |
M-BN |
| Numeración |
BNALCALA |
| Calificador de atribución |
AHS/113392 |
| Títulos y otros términos asociados al nombre |
CONSERVACI |
| Enlace entre campo y número de secuencia |
0 |
| Nombre de persona |
1991,1994 |
| 980 ## - EQUIVALENCIA O REFERENCIA-CRUZADA-MENCIÓN DE SERIE--NOMBRE DE PERSONA/TÍTULO [LOCAL, CANADÁ] |
| Nombre de persona |
1578-553X |
| -- |
M-BN |
| Numeración |
BNALCALA |
| Títulos y otros términos asociados al nombre |
SPR_ANTI |
| Calificador de atribución |
ZA/21691 |
| Fechas asociadas al nombre |
HNC/533 |
| Enlace entre campo y número de secuencia |
1 |
| Nombre de persona |
(año) |
| Enlace entre campo y número de secuencia |
0 |
| Nombre de persona |
1991,1994 |